[Event "Ch URS"]
[Site "masterchessopen.com - Moscow (Russia)"]
[Round "0"]
[White "Keres Paul (EST)"]
[Black "Korchnoi Viktor (SUI)"]
[Result "1-0"]
[WhiteElo "2580"]
[BlackElo "2556"]

1.c4 f5 2.Nf3 Nf6 3.g3 g6 4.Bg2 Bg7 5.Nc3 d6 6.d4 O-O 7.O-O Nc6 8.d5 Na5 (
8...Ne5 9.Nxe5 dxe5 10.Qb3 { ?/= } ) 9.Qa4 c5 10.dxc6 Nxc6 11.Rd1 Na5 { ? } (
11...Qa5 12.Qb3 Qb4 13.Qxb4 Nxb4 14.Nd4 Rb8 { ? } ) 12.c5 { ! } 12...Bd7 (
12...d5 13.Bf4 { ± } ) 13.Qa3 { ! } 13...Ne8 ( 13...dxc5 14.Ne5 { +?? } ) ( {
? } 13...Qc7 14.cxd6 exd6 15.Qxd6 Qxd6 16.Rxd6 Bc6 { ? } ) 14.Bg5 { ! }
14...Be6 ( 14...Bf6 15.Bxf6 Rxf6 16.Nd5 Rf8 17.Nf4 e5 18.Nxe5 dxe5 19.Ne6 {
+?? } ) ( 14...h6 15.cxd6 { !+?? } ) 15.cxd6 Nxd6 ( 15...Nc4 16.dxe7 Qxd1+
17.Rxd1 Nxa3 18.exf8=Q+ Kxf8 19.Nd4 Bxd4 20.Rxd4 { +?? } ) 16.Rxd6 Qxd6
17.Qxa5 b6 18.Qa4 Bd7 19.Qh4 Bxc3 20.Bxe7 Qe6 21.bxc3 Rfe8 22.Nd4 { ! } {#r}
1-0

[Event "Tournament (candidates)"]
[Site "masterchessopen.com - Bled (Slovenia)"]
[Round "7"]
[White "Benko Pal C (USA)"]
[Black "Tal Mikhail N (LAT)"]
[Result "0-1"]
[WhiteElo "2408"]
[BlackElo "2520"]

1.Nf3 f5 2.g3 Nf6 3.Bg2 g6 4.c4 Bg7 5.Nc3 O-O 6.O-O d6 7.d4 Nc6 8.d5 Na5 9.Qd3
c5 10.Ng5 a6 11.Rb1 Rb8 12.Bd2 Qe8 13.b3 { ? } 13...b5 14.a3 Ng4 15.Nf3 { ?! }
( 15.f4 { ! ? } ) 15...bxc4 16.bxc4 Rb3 17.Rxb3 { ?! } ( { ? } 17.a4 Rb4
18.Rxb4 cxb4 19.Na2 Qxa4 20.Nxb4 { ? } ) 17...Nxb3 18.Rb1 Nd4 19.e3 { ? } ( {
? } 19.Nxd4 cxd4 20.Nd1 Ne5 21.Qc2 Bd7 22.Nb2 ) 19...Nxf3+ 20.Bxf3 Ne5 21.Qe2
Nxf3+ 22.Qxf3 e5 23.Qd1 { ? } ( 23.dxe6 { ? } 23...Qxe6 ( 23...Bxe6 24.Rb6 { ?
} ) 24.Nd5 ) 23...e4 24.Qa4 Qe7 25.Qc6 f4 { ! } 26.Rb8 Bh3 27.Rxf8+ Qxf8
28.exf4 Qb8 29.Ne2 Qb1+ {#R} 0-1

[Event "It"]
[Site "masterchessopen.com - Marianske Lazne (Czech Republic)"]
[Round "4"]
[White "Sliwa Bogdan (POL)"]
[Black "Ghitescu Theodor (ROM)"]
[Result "1-0"]
[WhiteElo "2235"]
[BlackElo "2384"]

1.c4 f5 2.d4 Nf6 3.g3 g6 4.Bg2 Bg7 5.Nc3 d6 6.Nf3 O-O 7.O-O Nc6 8.d5 Na5 9.Nd2
c5 10.b3 a6 11.Bb2 Rb8 12.e3 b5 13.cxb5 axb5 14.Ne2 e5 15.dxe6 Bxe6 16.Rc1 Bf7
17.Nf4 Nb7 18.Rc2 g5 19.Ne2 d5 20.Nf3 Ne4 21.Bxg7 Kxg7 22.b4 Qf6 23.bxc5 Nbxc5
24.Nfd4 Rfc8 25.Qa1 Kg6 26.Rfc1 Qb6 27.Nf3 Be6 28.Ne5+ Kh6 29.Nd4 Ra8 30.Bxe4
{#r} 1-0

[Event "It (open)"]
[Site "masterchessopen.com - Helmbrecht (Germany)"]
[Round "11"]
[White "Clemens Christian Dr (GER)"]
[Black "Hottes Dieter (GER)"]
[Result "1-0"]
[WhiteElo "2314"]
[BlackElo "2184"]

1.Nf3 f5 2.d4 Nf6 3.g3 g6 4.Bg2 Bg7 5.O-O O-O 6.c4 d6 7.Nc3 Nc6 8.d5 Na5 9.Qc2
Nxc4 10.Nb5 a6 11.Nbd4 Nb6 12.Ng5 Nbxd5 13.Nde6 Bxe6 14.Nxe6 Qd7 15.Nxf8 Rxf8
16.Bg5 c6 17.Rab1 e5 18.Bd2 e4 19.b4 Ne8 20.a4 Nec7 21.Qa2 Kh8 22.b5 axb5
23.axb5 Ra8 24.bxc6 bxc6 25.Qxa8+ Nxa8 26.Rb8+ Bf8 27.Bh6 Qg7 28.Rxf8+ Qxf8
29.Bxf8 Nc3 30.Ra1 {#r} 1-0

[Event "Ch Europe (team)"]
[Site "masterchessopen.com - Hamburg (Germany)"]
[Round "0"]
[White "Kramer Haije J (NED)"]
[Black "Huebner Robert Dr (GER)"]
[Result "0-1"]
[WhiteElo "2330"]
[BlackElo "2592"]

1.d4 f5 2.c4 Nf6 3.g3 g6 4.Bg2 Bg7 5.Nf3 Nc6 6.O-O O-O 7.Nc3 d6 8.d5 Ne5
9.Nxe5 dxe5 10.e4 e6 11.f3 exd5 12.cxd5 c6 13.dxc6 Qb6+ 14.Kh1 Qxc6 15.Be3 Be6
16.Rc1 Qa6 17.Qc2 Rac8 18.b4 Rfd8 19.Rfd1 Rxd1+ 20.Qxd1 Qa3 21.Bc5 b6 22.Nb5
Qa6 23.Nc7 Qxa2 24.Bf1 Bb3 25.Qe1 Rxc7 26.Ra1 Qb2 27.Rb1 Qa3 28.Ra1 Ba2
29.Bc4+ Kh8 30.Qd1 Rd7 31.Bd6 Rxd6 32.Qxd6 Qxf3+ {#R} 0-1

[Event "Olympiad"]
[Site "masterchessopen.com - Habana (Cuba)"]
[Round "0"]
[White "Pachman Ludek (GER)"]
[Black "Johansen Darryl K (AUS)"]
[Result "1-0"]
[WhiteElo "2278"]
[BlackElo "2408"]

1.d4 f5 2.g3 Nf6 3.Bg2 g6 4.c4 Bg7 5.Nc3 d6 6.Nf3 O-O 7.O-O Nc6 8.d5 Na5 9.Qd3
c5 10.b3 a6 11.Bb2 Rb8 12.Nd2 Ng4 13.Nd1 Bxb2 14.Nxb2 b5 15.Qc3 Bd7 16.Nd3 Nb7
17.e4 bxc4 18.Nxc4 fxe4 19.Bxe4 Qe8 20.Bg2 Qf7 21.Rae1 Rbe8 22.Nb6 Nf6 23.Nxd7
Nxd7 24.Bh3 Qf6 25.Qc4 Nb8 26.Re4 Qg5 27.Nf4 Qh6 28.Be6+ Kh8 29.Qc3+ Rf6
30.Bf7 Rf8 31.Rxe7 {#r} 1-0

[Event "Ch World (team) (under 26) (final B)"]
[Site "masterchessopen.com - Ybbs (Austria)"]
[Date "1968.07.25"]
[Round "7"]
[White "Porrasmaa Timo (FIN)"]
[Black "Strobel Ferdinand (AUT)"]
[Result "0-1"]
[WhiteElo "2124"]
[BlackElo "2129"]

1.d4 f5 2.Nf3 Nf6 3.g3 g6 4.Bg2 Bg7 5.O-O O-O 6.c4 d6 7.Nc3 Nc6 8.d5 Ne5
9.Nxe5 dxe5 10.e4 f4 11.f3 g5 12.g4 h5 13.h3 Kf7 14.Rf2 Rh8 15.Bf1 Qd6 16.Nb5
Qb6 17.b4 c6 18.dxc6 Qxc6 19.c5 Be6 20.Bb2 hxg4 21.hxg4 Rh4 22.Rh2 Rxh2
23.Kxh2 Rh8+ 24.Kg1 Nxe4 25.fxe4 Qxe4 {#R} 0-1

[Event "Ch Europe (team)"]
[Site "masterchessopen.com - Aarhus (Denmark)"]
[Round "2"]
[White "Liebert Heinz (GER)"]
[Black "Holm Sejer (DEN)"]
[Result "1-0"]
[WhiteElo "2420"]
[BlackElo "2390"]

1.Nf3 f5 2.g3 g6 3.Bg2 Bg7 4.d4 Nf6 5.O-O O-O 6.c4 d6 7.Nc3 Nc6 8.d5 Ne5 9.Nd2
c5 10.Qc2 Rb8 11.a4 Qe8 12.f4 Neg4 13.Nf3 Ne4 14.Nxe4 fxe4 15.Ng5 Bd4+ 16.e3
Bxe3+ 17.Kh1 h6 18.Nxe4 g5 19.h3 Qh5 20.Qe2 gxf4 21.Bxe3 fxe3 22.Kg1 Rf2
23.Nxf2 exf2+ 24.Rxf2 {#r} 1-0

[Event "It"]
[Site "masterchessopen.com - Novy Smokovec (Slovakia)"]
[Round "4"]
[White "Bugar Anton (SVK)"]
[Black "Flesch Janos"]
[Result "0-1"]
[WhiteElo "1998"]
[BlackElo "2430"]

1.c4 f5 2.d4 Nf6 3.Nc3 g6 4.g3 Bg7 5.Bg2 O-O 6.Nf3 d6 7.O-O Nc6 8.d5 Na5 9.Nd2
c5 10.Qc2 a6 11.a3 b5 12.cxb5 c4 13.Re1 axb5 14.Nxb5 Qb6 15.a4 Bd7 16.Na3 Rfc8
17.Nab1 Ng4 18.e3 Ne5 19.Nc3 Nd3 20.Re2 Qc5 21.e4 f4 22.Nf3 Nb3 23.Ra3 Nbxc1
24.Rd2 fxg3 25.hxg3 Rf8 26.Nd1 Bg4 27.Ne3 Bxf3 28.Nxc4 Bxg2 29.Kxg2 Ne1+ {#R}
0-1

[Event "It (juniors) (under 20)"]
[Site "masterchessopen.com - Arosa (Switzerland)"]
[Round "6"]
[White "Ott Roland (SUI)"]
[Black "Kristiansen Jens (DEN)"]
[Result "0-1"]
[WhiteElo "2255"]
[BlackElo "2360"]

1.d4 g6 2.c4 Bg7 3.Nc3 f5 4.g3 Nf6 5.Bg2 O-O 6.Nf3 d6 7.O-O Nc6 8.d5 Na5 9.Qd3
c5 10.Bd2 a6 11.Rac1 Rb8 12.b3 b5 13.cxb5 axb5 14.Nxb5 Ba6 15.a4 Ne4 16.b4
Nxd2 17.Nxd2 cxb4 18.e4 f4 19.Rb1 Bc3 20.gxf4 Qd7 21.Rfc1 Qg4 22.Nc4 Nxc4
23.Qxc4 Qxf4 24.Rc2 Be5 25.Qxb4 Qxh2+ 26.Kf1 Rf4 27.Qb3 Rbf8 28.Re1 Bd4
29.Ree2 Qh4 30.f3 Bxb5 {#R} 0-1

[Event "It (juniors) (under 20)"]
[Site "masterchessopen.com - Arosa (Switzerland)"]
[Round "10"]
[White "Van Den Berg Imme (NED)"]
[Black "Kaenel Hansjuerg (SUI)"]
[Result "0-1"]
[WhiteElo "1979"]
[BlackElo "2355"]

1.Nf3 f5 2.g3 Nf6 3.Bg2 g6 4.O-O Bg7 5.d4 O-O 6.c4 d6 7.Nc3 Nc6 8.d5 Na5 9.Qd3
c5 10.Bd2 a6 11.Rac1 Rb8 12.b3 Bd7 13.e4 Ng4 14.h3 Ne5 15.Nxe5 dxe5 16.Kh2 f4
17.Ne2 b5 18.gxf4 exf4 19.Bc3 Bxc3 20.Qxc3 bxc4 21.bxc4 Rb4 22.Bf3 Rxc4 23.Qa3
Qb6 24.Rb1 Rb4 25.Rxb4 cxb4 26.Qc1 e5 {#R} 0-1

[Event "Tournament"]
[Site "masterchessopen.com - Esbjerg (Denmark)"]
[Round "9"]
[White "Norby Peter H (DEN)"]
[Black "Pedersen Jens Otto (DEN)"]
[Result "1-0"]
[WhiteElo "2275"]
[BlackElo "2265"]

1.Nf3 f5 2.c4 Nf6 3.d4 g6 4.Nc3 Bg7 5.g3 O-O 6.Bg2 d6 7.O-O Nc6 8.Qc2 e5
9.dxe5 dxe5 10.Rd1 Qe7 11.Nd5 Nxd5 12.cxd5 Nd8 13.Be3 Nf7 14.Rac1 e4 15.Nd4
Ne5 16.Qxc7 Qxc7 17.Rxc7 Rd8 18.Rdc1 {#r} 1-0

[Event "Tournament"]
[Site "masterchessopen.com - Esbjerg (Denmark)"]
[Round "3"]
[White "Zeuthen Steffen"]
[Black "Pedersen Jens Otto (DEN)"]
[Result "1-0"]
[WhiteElo "2200"]
[BlackElo "2265"]

1.c4 f5 2.Nc3 Nf6 3.g3 g6 4.d4 Bg7 5.Bg2 O-O 6.Nf3 d6 7.O-O Nc6 8.d5 Na5 9.Qd3
c5 10.b3 Rb8 11.Bb2 a6 12.Nd2 Ng4 13.a4 e5 14.dxe6 Bxe6 15.Qc2 Nc6 16.Rad1 Nd4
17.Qb1 f4 18.Nde4 Be5 19.Rd3 fxg3 20.hxg3 Qe7 21.f4 Qg7 22.fxe5 Qh6 23.Nf6+
Rxf6 24.Rxf6 Qh2+ 25.Kf1 Nxf6 26.exf6 Bh3 27.f7+ Kxf7 28.Bxh3 Qxh3+ 29.Kg1 Re8
30.Qf1+ Qxf1+ 31.Kxf1 Nxb3 32.Nd5 {#r} 1-0

[Event "Ch Sweden"]
[Site "masterchessopen.com - Sweden"]
[Round "0"]
[White "Ek Hans (SWE)"]
[Black "Akvist Hakan (SWE)"]
[Result "1-0"]
[WhiteElo "2330"]
[BlackElo "2310"]

1.d4 f5 2.Nf3 Nf6 3.g3 g6 4.Bg2 Bg7 5.O-O O-O 6.c4 d6 7.Nc3 Nc6 8.d5 Ne5
9.Nxe5 dxe5 10.Re1 e6 11.e4 exd5 12.cxd5 Ne8 13.f4 exf4 14.Bxf4 fxe4 15.Nxe4
Nd6 16.Qb3 a5 17.Rac1 a4 18.Qb4 Ra6 19.Bg5 Qd7 20.Nc5 Qf5 21.Nxa6 Qxg5 22.Nxc7
Nf5 23.Qf4 Qf6 24.Rcd1 Qb6+ 25.Kh1 Nd6 26.Na8 Qa6 27.Qb4 Qxa8 28.Qxd6 Bxb2
29.Qb6 Bf6 30.Rf1 Kg7 31.d6 Be6 32.d7 {#r} 1-0

[Event "It (open)"]
[Site "masterchessopen.com - Buenos Aires (Argentina)"]
[Round "0"]
[White "Adad Carlos (ARG)"]
[Black "Perez Garcia Hebert (NED)"]
[Result "1-0"]
[WhiteElo "2184"]
[BlackElo "2137"]

1.Nf3 f5 2.g3 Nf6 3.Bg2 g6 4.O-O Bg7 5.c4 O-O 6.Nc3 d6 7.d4 Nc6 8.b3 Bd7 9.Bb2
e5 10.dxe5 dxe5 11.Nd5 Re8 12.Ng5 Nd4 13.e3 Nxd5 14.Bxd5+ Ne6 15.Nxe6 Bxe6
16.Bxb7 Rb8 17.Bc6 Bxc4 18.bxc4 Rxb2 19.Bxe8 Qxe8 20.Qd5+ Kh8 21.Rfd1 e4
22.Qd8 Rb8 23.Qxe8+ Rxe8 24.Rab1 {#r} 1-0

[Event "It"]
[Site "masterchessopen.com - Caracas (Venezuela)"]
[Round "6"]
[White "Frey Kenneth (MEX)"]
[Black "Padilla Liceaga Jorge (MEX)"]
[Result "1-0"]
[WhiteElo "2384"]
[BlackElo "2050"]

1.d4 f5 2.Nf3 g6 3.g3 Bg7 4.Bg2 Nf6 5.O-O O-O 6.c4 d6 7.Nc3 Nc6 8.d5 Na5 9.Qd3
c5 10.Ng5 h6 11.Ne6 Bxe6 12.dxe6 Nc6 13.e4 fxe4 14.Nxe4 Kh7 15.f4 Rb8 16.Bd2
Nd4 17.Rae1 b5 18.b3 Qb6 19.Nc3 bxc4 20.Qxc4 Nb5 21.Ne4 Nd4 22.Nc3 Nb5 23.Nd5
Nxd5 24.Bxd5 Nc7 25.Be4 d5 26.Bxg6+ Kxg6 27.Qc2+ Kf6 28.g4 Bh8 29.Qh7 {#r} 1-0

[Event "Olympiad (students) (team)"]
[Site "masterchessopen.com - Teeside (England)"]
[Round "0"]
[White "Timman Anton P (NED)"]
[Black "Scheichel Herbert (AUT)"]
[Result "0-1"]
[WhiteElo "2170"]
[BlackElo "2320"]

1.d4 f5 2.g3 Nf6 3.Bg2 g6 4.Nf3 Bg7 5.O-O O-O 6.c4 d6 7.Nc3 Nc6 8.d5 Ne5
9.Nxe5 dxe5 10.e4 e6 11.Qe2 exd5 12.cxd5 fxe4 13.Bg5 Bg4 14.Qc4 Bf3 15.Nxe4
Bxg2 16.Bxf6 Bxf1 {#R} 0-1

[Event "Ch Romania"]
[Site "masterchessopen.com - Bucharest (Romania)"]
[Round "0"]
[White "Reicher Emanoil (ROM)"]
[Black "Ungureanu Emil (ROM)"]
[Result "0-1"]
[WhiteElo "2310"]
[BlackElo "2188"]

1.c4 g6 2.Nf3 f5 3.g3 d6 4.d4 Nf6 5.Bg2 Bg7 6.O-O O-O 7.Nc3 Nc6 8.d5 Ne5
9.Nxe5 dxe5 10.e4 f4 11.b3 g5 12.Ba3 a6 13.Rc1 Qe8 14.Re1 Ng4 15.Rc2 Qh5 16.h3
f3 17.Bxf3 Qxh3 18.Bxe7 Qh2+ 19.Kf1 Rxf3 20.Qxf3 Nh6 21.g4 Bxg4 22.Qg3 Qh1+
23.Qg1 Qh3+ 24.Qg2 Qd3+ 25.Kg1 Qxc2 26.Bxg5 Qxc3 27.Re3 Qd2 28.Bxh6 Qd1+ {#R}
0-1

[Event "Ch Europe (juniors) (under 20)"]
[Site "masterchessopen.com - Groningen (Netherlands)"]
[Round "7"]
[White "Kochyev Alexander (RUS)"]
[Black "Ftacnik Lubomir (SVK)"]
[Result "1-0"]
[WhiteElo "2417"]
[BlackElo "2570"]

1.Nf3 f5 2.c4 Nf6 3.Nc3 g6 4.g3 Bg7 5.Bg2 O-O 6.O-O d6 7.d4 Nc6 8.d5 Ne5 9.Qb3
Nxf3+ 10.Bxf3 Nd7 11.Bg2 e5 12.dxe6 Nc5 13.Qc2 Bxe6 14.b3 Qd7 15.Bb2 Rae8
16.Nd5 g5 17.Bxg7 Qxg7 18.e3 c6 19.Nc3 f4 20.exf4 gxf4 21.Qd2 Rd8 22.Rad1 Bf5
23.Qd4 Qg6 24.Rfe1 Rf7 25.Ne2 Ne6 26.Qd2 fxg3 27.fxg3 h5 28.Nd4 Bg4 29.Nxe6
Bxe6 30.Rxe6 {#r} 1-0

[Event "It"]
[Site "masterchessopen.com - Reggio Emilia (Italy)"]
[Date "1975.01.05"]
[Round "10"]
[White "Blasi Fernando"]
[Black "Formanek Edward W (USA)"]
[Result "0-1"]
[WhiteElo "2200"]
[BlackElo "2203"]

1.c4 f5 2.d4 Nf6 3.g3 g6 4.Bg2 Bg7 5.Nc3 O-O 6.Nf3 d6 7.O-O Nc6 8.d5 Na5 9.Qd3
c5 10.Ng5 Rb8 11.Ne6 Bxe6 12.dxe6 Qc8 13.Bd5 Nxd5 14.cxd5 b5 15.e4 b4 16.Ne2
c4 17.Qc2 c3 18.b3 Nb7 19.Be3 fxe4 20.Nd4 Bxd4 21.Bxd4 Nc5 22.Be3 Rf5 23.Rad1
Rb5 24.f3 exf3 25.g4 Rxd5 26.Bd4 Nxe6 27.Be3 Ng5 28.Bxg5 Qxg4+ 29.Kh1 Rxd1
{#R} 0-1

[Event "Ch Hungary"]
[Site "masterchessopen.com - Budapest (Hungary)"]
[Round "0"]
[White "Ribli Zoltan (HUN)"]
[Black "Horvath Tamas I (HUN)"]
[Result "1-0"]
[WhiteElo "2575"]
[BlackElo "2318"]

1.Nf3 f5 2.d4 Nf6 3.g3 g6 4.Bg2 Bg7 5.O-O O-O 6.c4 d6 7.Nc3 Nc6 8.d5 Na5 9.Nd2
c5 10.Rb1 Bd7 11.Qc2 a6 12.b3 b5 13.Bb2 Rb8 14.e3 Qc7 15.Ne2 Nb7 16.Nf4 Nd8
17.h4 Qc8 18.Nf3 Nf7 19.Rfd1 Ne4 20.Bxg7 Kxg7 21.cxb5 axb5 22.b4 e5 23.dxe6
Bxe6 24.bxc5 dxc5 25.Nd2 Nxd2 26.Qxd2 Bc4 27.a4 Kg8 28.axb5 Rxb5 29.Rxb5 Bxb5
30.Qb2 {#r} 1-0

[Event "Ch Great Britain"]
[Site "masterchessopen.com - Portsmouth (England)"]
[Round "0"]
[White "Botterill George S (WLS)"]
[Black "Wise David (ENG)"]
[Result "1-0"]
[WhiteElo "2360"]
[BlackElo "2147"]

1.Nf3 f5 2.g3 Nf6 3.Bg2 d6 4.d4 g6 5.O-O Bg7 6.c4 O-O 7.Nc3 Nc6 8.d5 Ne5
9.Nxe5 dxe5 10.e4 Ng4 11.h3 Nh6 12.f4 exf4 13.Bxf4 e5 14.dxe6 Bxe6 15.Qc1 Nf7
16.exf5 Bxc4 17.Rd1 Bd4+ 18.Kh2 gxf5 19.Bxc7 Qf6 20.Qf4 Bxc3 21.bxc3 Ba6
22.Rd5 {#r} 1-0

[Event "Cup European Club"]
[Site "masterchessopen.com - Montana Grans (Switzerland)"]
[Date "1976.01.15"]
[Round "4"]
[White "Van Den Broeck Hans (BEL)"]
[Black "Ungureanu Emil (ROM)"]
[Result "0-1"]
[WhiteElo "2230"]
[BlackElo "2188"]

1.d4 f5 2.Nf3 Nf6 3.g3 g6 4.Bg2 Bg7 5.O-O O-O 6.c4 d6 7.Nc3 Nc6 8.d5 Ne5
9.Nxe5 dxe5 10.Qb3 Kh8 11.Rd1 Nd7 12.Qc2 a5 13.Na4 Qe8 14.c5 Ra6 15.Bd2 e4
16.Bf4 Ne5 17.Nc3 h6 18.h4 e6 19.b3 Qf7 20.Rac1 exd5 21.Nxd5 Be6 22.Nc3 Raa8
23.Qd2 Kh7 24.Nb5 a4 25.Nd4 Rfd8 26.Qb4 Bd5 27.Rb1 axb3 28.axb3 Qe7 29.Bxe5
Bxe5 30.e3 b6 31.Rdc1 Ra5 {#R} 0-1

[Event "Olympiad (corr.)"]
[Site "masterchessopen.com - corr."]
[Round "0"]
[White "Sarosi Zoltan (HUN)"]
[Black "Heidenfeld Wolfgang"]
[Result "0-1"]
[WhiteElo "2297"]
[BlackElo "2225"]

1.c4 f5 2.Nf3 g6 3.Nc3 Nf6 4.g3 d6 5.d4 Bg7 6.Bg2 O-O 7.O-O Nc6 8.d5 Ne5
9.Nxe5 dxe5 10.e4 e6 11.dxe6 c6 12.exf5 gxf5 13.Re1 Qxd1 14.Nxd1 e4 15.e7 Re8
16.Bd2 Rxe7 17.Bc3 Be6 18.b3 Nd7 19.Nb2 Bxc3 {#R} 0-1

[Event "Ch World (juniors) (under 20)"]
[Site "masterchessopen.com - Groningen (Netherlands)"]
[Round "7"]
[White "Vladimirov Evgeny (KAZ)"]
[Black "Weidemann Joerg (GER)"]
[Result "1-0"]
[WhiteElo "2601"]
[BlackElo "2302"]

1.d4 f5 2.g3 g6 3.Bg2 Nf6 4.Nf3 Bg7 5.O-O O-O 6.c4 d6 7.Nc3 Nc6 8.d5 Ne5 9.Qb3
Nfd7 10.Nxe5 dxe5 11.Rd1 h6 12.c5 Kh7 13.c6 Nb6 14.a4 a5 15.Nb5 Rf6 16.Be3 Ra6
17.Rac1 bxc6 18.dxc6 Rd6 19.Rxd6 exd6 20.Qf7 Na8 21.Bd5 Qf8 22.Qxf8 Bxf8 23.f4
exf4 24.gxf4 Nb6 25.Bxb6 Rxb6 26.Nxc7 Bg7 27.Nb5 Ba6 28.c7 Bc8 29.b3 Ra6
30.Rc6 g5 31.Nxd6 {#r} 1-0

[Event "Europe Tournament (corr.)"]
[Site "masterchessopen.com - corr."]
[Round "0"]
[White "Nadenau Oskar (GER)"]
[Black "Scholvin Erich (GER)"]
[Result "0-1"]
[WhiteElo "1970"]
[BlackElo "2127"]

1.d4 f5 2.c4 Nf6 3.g3 g6 4.Bg2 Bg7 5.Nf3 O-O 6.O-O d6 7.Nc3 Nc6 8.d5 Ne5
9.Nxe5 dxe5 10.Qb3 e6 11.Rd1 exd5 12.Nxd5 c6 13.Nc3 Qe7 14.e4 f4 15.gxf4 exf4
16.Qc2 Ng4 17.f3 Qc5+ 18.Kf1 Nxh2+ 19.Ke2 Ng4 20.fxg4 f3+ 21.Bxf3 Bxg4 {#R}
0-1

[Event "Ch Czechoslovakia"]
[Site "masterchessopen.com - Marianske Lazne (Czech Republic)"]
[Round "11"]
[White "Banas Jan (SVK)"]
[Black "Vokac Marek (CZE)"]
[Result "0-1"]
[WhiteElo "2318"]
[BlackElo "2471"]

1.c4 f5 2.g3 Nf6 3.Bg2 d6 4.d4 g6 5.Nf3 Bg7 6.O-O O-O 7.Nc3 Nc6 8.d5 Ne5
9.Nxe5 dxe5 10.Qb3 Kh8 11.c5 h6 12.a4 g5 13.a5 a6 14.c6 bxc6 15.dxc6 Qe8
16.Qc4 Qh5 17.f3 f4 18.g4 Qg6 19.h3 Rd8 20.b3 Rd6 21.Ba3 Be6 22.Qb4 Qe8 23.Ne4
Nxe4 24.Qxe4 Rd4 25.Qc2 Rb8 26.Rab1 Rb5 27.Bc5 Qxc6 28.Rfc1 Rxc5 {#R} 0-1

[Event "Ch Europe (juniors)"]
[Site "masterchessopen.com - Groningen (Netherlands)"]
[Round "13"]
[White "Douven Rudy C (NED)"]
[Black "Plaskett Jim (ENG)"]
[Result "0-1"]
[WhiteElo "2389"]
[BlackElo "2480"]

1.d4 g6 2.c4 Bg7 3.Nf3 f5 4.g3 Nf6 5.Bg2 O-O 6.O-O d6 7.Nc3 Nc6 8.d5 Ne5
9.Nxe5 dxe5 10.e4 f4 11.b3 g5 12.Ba3 g4 13.Re1 f3 14.Bf1 h5 15.c5 h4 16.d6
hxg3 17.hxg3 c6 18.Bc4+ e6 19.Qd2 Bd7 20.Qg5 Kf7 21.Nd5 exd5 22.exd5 Nxd5
23.Qh5+ Kg8 24.Bd3 e4 25.Rxe4 Rf5 26.Qxg4 Nf6 27.Qg6 Nxe4 28.Bc4+ Rd5 29.Re1
Qg5 30.Qxe4 Re8 {#R} 0-1

[Event "Ch Europe (juniors)"]
[Site "masterchessopen.com - Groningen (Netherlands)"]
[Round "7"]
[White "Radziejewski Dariusz (POL)"]
[Black "Stigar Petter (NOR)"]
[Result "0-1"]
[WhiteElo "2300"]
[BlackElo "2298"]

1.c4 f5 2.Nf3 Nf6 3.g3 g6 4.Bg2 Bg7 5.O-O d6 6.d4 O-O 7.Nc3 Nc6 8.b3 e5 9.Bb2
e4 10.Ne1 Bd7 11.Nc2 Qe7 12.e3 Rae8 13.b4 h5 14.b5 Nd8 15.Nb4 c6 16.bxc6 bxc6
17.Qb3 g5 18.Qa3 h4 19.Qxa7 f4 20.exf4 h3 21.Bh1 gxf4 22.Rfe1 e3 23.fxe3 fxg3
24.hxg3 Ng4 25.Bd5+ cxd5 26.Nbxd5 Qf7 27.Rf1 h2+ 28.Kg2 Qxf1+ {#R} 0-1

[Event "It (open)"]
[Site "masterchessopen.com - Lone Pine (USA)"]
[Round "0"]
[White "Zlotnikov Mikhail (USA)"]
[Black "Formanek Edward W (USA)"]
[Result "1-0"]
[WhiteElo "2285"]
[BlackElo "2410"]

1.c4 f5 2.Nc3 Nf6 3.g3 g6 4.Bg2 Bg7 5.Nf3 O-O 6.O-O d6 7.d4 Nc6 8.d5 Na5 9.Qd3
c5 10.Ng5 Rb8 11.e4 a6 12.Qe2 fxe4 13.Ncxe4 Ng4 14.Bh3 Ne5 15.Be6+ Kh8 16.f4
Nexc4 17.f5 Qe8 18.Nxh7 Bd4+ 19.Kh1 Kxh7 20.fxg6+ Qxg6 21.Rxf8 Bxe6 22.Ng5+
Qxg5 23.Qe4+ Qg6 24.Qh4+ Kg7 25.Qh8# 1-0

[Event "Ch Australia"]
[Site "masterchessopen.com - Adelaide (Australia)"]
[Date "1979.12.27"]
[Round "1"]
[White "Horton L"]
[Black "Barber Haydn J (AUS)"]
[Result "0-1"]
[WhiteElo "2180"]
[BlackElo "2167"]

1.Nf3 f5 2.g3 Nf6 3.Bg2 g6 4.c4 Bg7 5.Nc3 O-O 6.O-O Nc6 7.d4 d6 8.d5 Ne5
9.Nxe5 dxe5 10.e4 f4 11.Qe2 g5 12.c5 b6 13.b4 a5 14.b5 g4 15.f3 bxc5 16.Ba3
fxg3 17.hxg3 Qd6 18.Qc4 Nh5 19.Ne2 Qg6 20.Kh2 Qh6 21.Bc1 Nf4+ 22.Kg1 Nh3+
23.Bxh3 Qxh3 24.d6+ e6 25.f4 exf4 26.Bxf4 Rxf4 27.dxc7 Bd4+ 28.Nxd4 Qxg3+
29.Kh1 Qh3+ 30.Kg1 Qe3+ 31.Kh2 g3+ {#R} 0-1

[Event "Olympiad"]
[Site "masterchessopen.com - Malta"]
[Round "5"]
[White "Nutu-Gajic Dana (AUS)"]
[Black "Van Parreren Hanneke (NED)"]
[Result "1-0"]
[WhiteElo "2350"]
[BlackElo "2101"]

1.Nf3 f5 2.d4 Nf6 3.g3 g6 4.Bg2 Bg7 5.O-O O-O 6.c4 d6 7.Nc3 Nc6 8.d5 Na5 9.Qd3
c5 10.Ng5 Ng4 11.f4 a6 12.h3 Nf6 13.e4 fxe4 14.Ncxe4 Rb8 15.a4 b5 16.axb5 axb5
17.cxb5 Qb6 18.Be3 Nxe4 19.Qxe4 Bf5 20.Qa4 Ra8 21.Ne6 Rfb8 22.Nxg7 Kxg7 23.Ra3
Bd7 24.Rfa1 Nb7 25.Qe4 Rxa3 26.Qxe7+ Kg8 27.Rxa3 Qxb5 28.f5 Re8 29.Ra8 Rxa8
30.f6 {#r} 1-0

[Event "It \"]
[Site "masterchessopen.com - Oslo (Norway)"]
[Round "0"]
[White "Villeneuve Alain (FRA)"]
[Black "Groth Morten (NOR)"]
[Result "1-0"]
[WhiteElo "2261"]
[BlackElo "2230"]

1.d4 f5 2.g3 Nf6 3.Bg2 g6 4.Nf3 Bg7 5.O-O O-O 6.c4 d6 7.Nc3 Nc6 8.b3 Ne4 9.Bb2
e5 10.dxe5 Nxc3 11.Bxc3 Qe8 12.Qd2 dxe5 13.Rad1 h6 14.Qb2 g5 15.Rd5 Be6 16.Rb5
a6 17.Rxb7 Qc8 18.Nxe5 Qxb7 19.Bxc6 Qc8 20.Bxa8 Qxa8 21.Nf3 Bxc3 22.Qxc3 f4
23.Qe5 Qc8 24.Rd1 Rf5 25.Rd8+ {#r} 1-0

[Event "Ch Brazil"]
[Site "masterchessopen.com - Nova Friburgo (Brazil)"]
[Round "12"]
[White "Lucena Lincoln (BRA)"]
[Black "Loureiro Luiz (BRA)"]
[Result "1-0"]
[WhiteElo "2182"]
[BlackElo "2328"]

1.c4 f5 2.Nf3 Nf6 3.g3 g6 4.Bg2 Bg7 5.O-O O-O 6.Nc3 d6 7.d4 Nc6 8.d5 Na5 9.Qd3
c5 10.Rd1 a6 11.Rb1 Rb8 12.b4 Ne4 13.Na4 cxb4 14.Rxb4 b5 15.cxb5 Rxb5 16.a3
Bd7 17.Nb2 Nc3 18.Re1 Rxd5 19.Nd4 Rc5 20.Be3 Qc8 21.h4 e5 22.Nb3 Bb5 23.Qxd6
Nxb3 24.Rxb3 Nxe2+ 25.Rxe2 Rc1+ 26.Bxc1 Qxc1+ 27.Kh2 Bxe2 28.Bd5+ Kh8 29.Rb8
Qh6 30.Rxf8+ {#r} 1-0

[Event "Ch World (team) (under 26)"]
[Site "masterchessopen.com - Graz (Austria)"]
[Round "0"]
[White "Orso Miklos (HUN)"]
[Black "Ioakimidis Georgios (GRE)"]
[Result "1-0"]
[WhiteElo "2363"]
[BlackElo "2259"]

1.d4 f5 2.Nf3 Nf6 3.g3 g6 4.Bg2 Bg7 5.O-O O-O 6.c4 d6 7.Nc3 Nc6 8.d5 Ne5
9.Nxe5 dxe5 10.Qb3 e6 11.Rd1 Qe7 12.Bd2 Re8 13.Rac1 e4 14.Bf4 Qf7 15.Nb5 e5
16.Bg5 Rd8 17.e3 a6 18.Nc3 h6 19.Bxf6 Qxf6 20.c5 Kh7 21.d6 cxd6 22.Qb6 Be6
23.Rxd6 Rxd6 24.cxd6 Rd8 25.Rd1 Qf8 26.Bf1 Bc8 27.Na4 Bd7 28.Nc5 Qe8 29.Qxb7
Bc6 30.d7 {#r} 1-0